| 000 | 00835cam a22002773a 4500 | ||
|---|---|---|---|
| 001 | 10521 | ||
| 003 | PGUSA | ||
| 005 | 20140828083225.0 | ||
| 008 | 031201s2003||||xxu|||||s|||||000 1 eng d | ||
| 040 |
_aPGUSA _beng |
||
| 042 | _adc | ||
| 050 | 4 | _aPS | |
| 100 | 1 |
_aCrawford, F. Marion _q(Francis Marion), _d1854-1909 |
|
| 245 | 1 | 4 |
_aThe Primadonna : _bA Sequel to "Fair Margaret" _h[electronic resource] / _cF. Marion Crawford |
| 260 |
_bProject Gutenberg, _c2003 |
||
| 506 | _aPublic domain in the USA. | ||
| 516 | _aElectronic text | ||
| 653 | _aNew York (N.Y.) -- Fiction | ||
| 653 | _aLondon (England) -- Fiction | ||
| 653 | _aMystery fiction | ||
| 653 | _aWomen singers -- Fiction | ||
| 653 | _aOpera -- Fiction | ||
| 830 | 0 |
_aProject Gutenberg _v10521 |
|
| 856 | 4 | 0 | _uhttp://www.gutenberg.org/ebooks/10521 |
| 942 | _cEB | ||
| 999 |
_c239776 _d239776 |
||